Water-quality assessment of the Rio Grande Valley, Colorado, New Mexico and Texas : Fish communities at selected sites, 1993-95.

Bibliographic Details
Main Author: Carter, Lisa F.
Corporate Authors: National Water-Quality Assessment Program (U.S.), Geological Survey (U.S.)
Format: Government Document Book
Language:English
Published: Albuquerque, N.M. : U.S. Dept. of the Interior, U.S. Geological Survey ; [1997]
Series:Water-resources investigations report ; 97-4017.
Subjects:

MARC

Tag First Indicator Second Indicator Subfields
LEADER 00000cam a2200000 a 4500
001 in00001404526
005 20151020052251.0
008 970709s1997 nmuab b f000 0 eng d
010 |a gp 97065963  
035 |a (OCoLC)37263353 
035 |9 AHM3416AM 
040 |d IQU  |d GPO  |d DLC  |d MvI  |d UtOrBLW 
043 |a n-us-co  |a n-us-nm  |a n-us-tx 
074 |a 0624-B 
086 0 |a I 19.42/4:97-4017 
090 |a GB701  |b .W375 no. 97-4017 
100 1 |a Carter, Lisa F. 
245 1 0 |a Water-quality assessment of the Rio Grande Valley, Colorado, New Mexico and Texas :  |b Fish communities at selected sites, 1993-95. 
246 2 |a Water quality assessment of the Rio Grande Valley, Colorado, New Mexico and Texas ... 
264 1 |a Albuquerque, N.M. :  |b U.S. Dept. of the Interior, U.S. Geological Survey ;  |c [1997] 
264 2 |a Denver, CO :  |b Branch of Information Services [distributor], 
300 |a vi, 27 pages :  |b color illustrations, maps (some color) ;  |c 28 cm. 
336 |a text  |b txt  |2 rdacontent 
337 |a unmediated  |b n  |2 rdamedia 
338 |a volume  |b nc  |2 rdacarrier 
490 1 |a Water-resources investigations report ;  |v 97-4017 
500 |a "National Water Quality Assessment Program"--Cover. 
500 |a Shipping list number: 97-0273-P. 
504 |a Includes bibliographical references (pages 26-27). 
650 0 |a Fish communities  |x Environmental aspects  |z Rio Grande Valley (Colo.-Mexico and Tex.) 
650 0 |a Fishes  |x Habitat  |z Rio Grande Valley (Colo.-Mexico and Tex.) 
650 0 |a Water quality biological assessment  |z Rio Grande Valley (Colo.-Mexico and Tex.) 
710 2 |a National Water-Quality Assessment Program (U.S.) 
710 2 |a Geological Survey (U.S.) 
830 0 |a Water-resources investigations report ;  |v 97-4017. 
999 |a MARS 
999 f f |s ec3c616c-b815-393f-abaf-5cdfd729c396  |i 197c6538-02a1-34e0-8192-08b140ee7fea  |t 0 
952 f f |p normal  |a Texas A&M University  |b College Station  |c Sterling C. Evans Library  |d Evans: US Documents (Annex 5th floor)  |t 0  |e I 19.42/4:97-4017  |h Superintendent of Documents classification  |i unmediated -- volume  |m A14821702452 
998 f f |a I 19.42/4:97-4017  |t 0  |l Evans: US Documents (Annex 5th floor)